000 00357nam a2200145Ia 4500
008 230917s9999||||xx |||||||||||||| ||und||
040 _e248155
_aMAIN
041 _aEnglish
082 _a891.2109 S23S
100 _aSharma, Hemant
245 0 _aSanskrit shaivashtak stotron ka sameekshatmak adhyayan
260 _c2017
300 _a82 p.
942 _cTH
999 _c127616
_d127616